Statystyki dla Szkolny test

Kliknij tutaj aby rozwiązać quiz!

Ogólne statystyki

  • Ten quiz został rozwiązany 22 razy
  • Średni wynik to 6 z 15

Statystyki odpowiedzi

ZagadnienieOdpowiedź% Poprawnych
Najgorsza nauczycielka toDwie pierwsze
79%
Ktoś pyta na grupie klasowej o lekcje co odpowiedzieć?Nie odczytać
63%
W szkole ktoś się bije co zrobić?Lecieć po popcorn
58%
Najważniejsza rzecz na historii toHotwhellsy
53%
Najprzydatniejsza grupa na WhatsApp toSałatka
53%
Najrzadsza lekcja toPlastyka i technika
47%
Najlepsza klasa w szkole to5a 💪
42%
Najdziwniejsza przerwa toPrzerwa obiadowa
42%
Najdłuższa przerwa trwa dla mnie1h 15 min
37%
Najczęściej na polskim jestNuda
37%
Najlepsza lekcja w poniedziałki toWychowawcza
32%
Najlepsza rzecz na polski to?Cyrkiel
26%
Które 3 osoby są najmniej spokojne na informatycePaweł Wojtek Kacper
21%
Najczęstsza gra na wf toSiatkówka
21%
Jaki jest najlepszy moment historii?Pierwsze 3 minuty
16%

Rozkład punktacji

Percentyl według liczby udzielonych odpowiedzi

Procent ludzi z każdym wynikiem

Twoja historia wyników

Nie rozwiązałeś tego quizu